|
|
|
|
| LEADER |
00000nam0a2200000 4500 |
| 001 |
367585 |
| 005 |
20231102012010.0 |
| 035 |
|
|
|a (RuTPU)RU\TPU\retro\24948
|
| 090 |
|
|
|a 367585
|
| 100 |
|
|
|a 20220316d1980 km y0rusy50 ca
|
| 101 |
0 |
|
|a rus
|
| 102 |
|
|
|a RU
|
| 105 |
|
|
|a a z 001zy
|
| 200 |
1 |
|
|a Дагестанское землетрясение 14 мая 1970 г. Сейсмология. Геология. Геофизика
|f Академия наук СССР, Дагестанский филиал ; Академия наук СССР, Институт физики Земли им. О. Ю. Шмидта ; отв. ред. Х. И. Амирханов
|
| 210 |
|
|
|a Москва
|c Наука
|d 1980
|
| 215 |
|
|
|a 220 с.
|c ил.
|e Прилож. 6 1 вкл. л . карт
|
| 320 |
|
|
|a Библиогр.: с. 210-217
|
| 606 |
1 |
|
|a Землетрясения
|2 stltpush
|3 (RuTPU)RU\TPU\subj\11717
|9 38626
|
| 610 |
1 |
|
|a Дагестан
|
| 610 |
1 |
|
|a Дагестанское землетрясение
|
| 610 |
1 |
|
|a сейсмические исследования
|
| 610 |
1 |
|
|a геология
|
| 610 |
1 |
|
|a геофизика
|
| 610 |
1 |
|
|a очаги
|
| 610 |
1 |
|
|a размеры
|
| 610 |
1 |
|
|a ориентация
|
| 610 |
1 |
|
|a динамические параметры
|
| 675 |
|
|
|a 550.348.436
|v 4
|
| 702 |
|
1 |
|a Амирханов
|b Х. И.
|4 340
|
| 712 |
0 |
2 |
|a Академия наук СССР
|b Дагестанский филиал
|2 stltpush
|3 (RuTPU)RU\TPU\col\27789
|9 28883
|
| 712 |
0 |
2 |
|a Академия наук СССР
|b Институт физики Земли им. О. Ю. Шмидта
|c (Москва)
|c (1956-1991)
|2 stltpush
|3 (RuTPU)RU\TPU\col\209
|9 23276
|
| 801 |
|
1 |
|a RU
|b 63413507
|c 20220316
|
| 942 |
|
|
|c BK
|